| 000 | 00538cam a2200205 4500 | ||
|---|---|---|---|
| 008 | 000000n2001 000 0 eng u | ||
| 020 | _a1860814840 | ||
| 035 | _a(Sirsi) u112766 | ||
| 050 | _a690 | ||
| 100 | _aStirling, Charles | ||
| 110 | _aBuilding Research Establishment | ||
| 245 | _aInsulating ground floors | ||
| 260 |
_aLondon _bCRC Ltd _c2001 |
||
| 300 | _a8p. : ill. ; 30cm. | ||
| 490 |
_aBRE Good Building Guide _vGBG 45 |
||
| 650 | _aINSULATION | ||
| 650 | _aFLOORING | ||
| 690 | _aBUILT ENVIRONMENT | ||
| 942 | _n0 | ||
| 999 |
_c101467 _d101467 |
||